[Event "Titled Tuesday intern op 16th Mar"]
[Site "Chess.com INT"]
[Date "2021.03.16"]
[Round "9"]
[White "Anton Guijarro, David"]
[Black "Ponikarovsky, Alexey"]
[Result "1/2-1/2"]
[WhiteElo "2673"]
[BlackElo "1929"]
[PlyCount "89"]
[EventDate "2021.03.16"]
[EventType "swiss (blitz)"]
[EventRounds "11"]
[EventCountry "USA"]
[SourceTitle "CBM 201 Extra"]
[Source "ChessBase"]
[SourceDate "2021.05.31"]
[SourceVersion "1"]
[SourceVersionDate "2021.05.31"]
[SourceQuality "1"]

1. e4 c5 2. Nc3 e6 3. Nf3 a6 4. g3 d5 5. exd5 exd5 6. d4 cxd4 7. Nxd4 Nf6 8. Bg2 Nc6 9. 0-0 Be7 10. Re1 0-0 11. h3 h6 12. Be3 Be6 13. Nxe6 fxe6 14. Ne2 Qd7 15. Nf4 Bd6 16. Ng6 Rfe8 17. Qd3 Qf7 18. Nf4 Nb4 19. Qd1 Rac8 20. c3 Nc6 21. Nd3 e5 22. Qd2 e4 23. Nf4 Ne5 24. Rad1 Nc4 25. Qe2 Nxe3 26. Qxe3 Bc5 27. Qd2 Rcd8 28. Qc2 Qc7 29. Ne2 Qb6 30. Nd4 Rf8 31. b4 Bxd4 32. Rxd4 Rc8 33. Qd2 Qc7 34. Rc1 Qe5 35. c4 Rfd8 36. Rd1 Rd6 37. cxd5 Rcd8 38. Qe2 Rxd5 39. Qc4 b5 40. Qb3 Kh8 41. Rxd5 Rxd5 42. Rxd5 Nxd5 43. a3 e3 44. fxe3 Nxe3 45. Kf2 1/2-1/2

[Event "Titled Tuesday intern op 16th Mar"]
[Site "Chess.com INT"]
[Date "2021.03.16"]
[Round "10"]
[White "Eljanov, Pavel"]
[Black "Ponikarovsky, Alexey"]
[Result "0-1"]
[WhiteElo "2672"]
[BlackElo "1929"]
[PlyCount "88"]
[EventDate "2021.03.16"]
[EventType "swiss (blitz)"]
[EventRounds "11"]
[EventCountry "USA"]
[SourceTitle "CBM 201 Extra"]
[Source "ChessBase"]
[SourceDate "2021.05.31"]
[SourceVersion "1"]
[SourceVersionDate "2021.05.31"]
[SourceQuality "1"]

1. e4 c5 2. Nf3 a6 3. c3 e6 4. d4 cxd4 5. cxd4 d5 6. e5 Bb4+ 7. Bd2 Bxd2+ 8. Qxd2 f5 9. Nc3 Nc6 10. Bd3 Nge7 11. 0-0 0-0 12. Rac1 Ng6 13. Ne2 Bd7 14. g3 Rc8 15. h4 Nh8 16. Nf4 Qe7 17. a3 Nf7 18. Rc3 Na7 19. Rfc1 Rxc3 20. Rxc3 Rc8 21. Qc1 Rc6 22. b4 Rxc3 23. Qxc3 Bb5 24. Bxb5 axb5 25. Qc5 Qxc5 26. dxc5 Nd8 27. Nd4 Kf7 28. Nfe2 Ndc6 29. Nf3 h6 30. h5 g5 31. hxg6+ Kxg6 32. Kh2 Kf7 33. Kh3 Nc8 34. Kh4 N8e7 35. Kh5 Ng6 36. Kxh6 Ngxe5 37. Nxe5+ Nxe5 38. Nd4 Ng4+ 39. Kg5 Nxf2 40. Nxb5 Ne4+ 41. Kf4 Kf6 42. Nd6 e5+ 43. Kf3 Nxd6 44. cxd6 Ke6 0-1

[Event "Titled Tuesday intern op 16th Mar"]
[Site "Chess.com INT"]
[Date "2021.03.16"]
[Round "8"]
[White "Ponikarovsky, Alexey"]
[Black "Sadovsky, Artem"]
[Result "1-0"]
[WhiteElo "1929"]
[BlackElo "2408"]
[PlyCount "83"]
[EventDate "2021.03.16"]
[EventType "swiss (blitz)"]
[EventRounds "11"]
[EventCountry "USA"]
[SourceTitle "CBM 201 Extra"]
[Source "ChessBase"]
[SourceDate "2021.05.31"]
[SourceVersion "1"]
[SourceVersionDate "2021.05.31"]
[SourceQuality "1"]

1. e4 g6 2. d4 Bg7 3. c4 d6 4. Nc3 e5 5. Be3 Nc6 6. d5 Nce7 7. Bd3 f5 8. exf5 gxf5 9. Bg5 Nf6 10. Nge2 0-0 11. Qd2 Bd7 12. Bh6 Qe8 13. Bxg7 Kxg7 14. 0-0-0 Qg6 15. f3 Qh6 16. f4 Ng6 17. g3 Rae8 18. Kb1 Kh8 19. h4 exf4 20. gxf4 Ne4 21. Bxe4 fxe4 22. Rdf1 e3 23. Qd4+ Qg7 24. Qd1 Bg4 25. Qb3 h5 26. Ka1 b6 27. Qc2 Qf6 28. Nb5 Re7 29. Nbd4 Ref7 30. f5 Ne7 31. Ne6 Bxf5 32. Qc1 Rg8 33. Qxe3 b5 34. Ng5 Rfg7 35. Nd4 bxc4 36. Nxf5 Nxf5 37. Qf3 Rb8 38. Rh2 Re7 39. a3 Re3 40. Qxh5+ Kg8 41. Qh7+ Kf8 42. Rxf5 1-0

[Event "Titled Tuesday intern op 16th Mar"]
[Site "Chess.com INT"]
[Date "2021.03.16"]
[Round "3"]
[White "Ponikarovsky, Alexey"]
[Black "Vovk, Orest"]
[Result "1-0"]
[WhiteElo "1929"]
[BlackElo "2315"]
[PlyCount "63"]
[EventDate "2021.03.16"]
[EventType "swiss (blitz)"]
[EventRounds "11"]
[EventCountry "USA"]
[SourceTitle "CBM 201 Extra"]
[Source "ChessBase"]
[SourceDate "2021.05.31"]
[SourceVersion "1"]
[SourceVersionDate "2021.05.31"]
[SourceQuality "1"]

1. e4 g5 2. d4 h6 3. c4 Bg7 4. Nc3 c5 5. d5 Bxc3+ 6. bxc3 d6 7. h4 Qa5 8. Qb3 g4 9. Bd3 Nd7 10. Ne2 Ne5 11. Bc2 Qa6 12. 0-0 Qxc4 13. Qb2 Nd3 14. Bxd3 Qxd3 15. Ng3 Nf6 16. Be3 Nxe4 17. Rad1 Qc4 18. Rfe1 Nxg3 19. fxg3 b6 20. Bf4 Kd8 21. Kh2 Bd7 22. Rd2 h5 23. Rde2 Re8 24. Qd2 f6 25. Re4 Qa6 26. Qe3 Qxa2 27. Rxe7 Kc7 28. Bxd6+ Kxd6 29. Qf4+ Kxd5 30. Qe4+ Kd6 31. Rd1+ Kc7 32. Rdxd7+ 1-0

[Event "Titled Tuesday intern op 16th Mar"]
[Site "Chess.com INT"]
[Date "2021.03.16"]
[Round "4"]
[White "Valdes Romero, Leonardo"]
[Black "Ponikarovsky, Alexey"]
[Result "0-1"]
[WhiteElo "2402"]
[BlackElo "1929"]
[PlyCount "66"]
[EventDate "2021.03.16"]
[EventType "swiss (blitz)"]
[EventRounds "11"]
[EventCountry "USA"]
[SourceTitle "CBM 201 Extra"]
[Source "ChessBase"]
[SourceDate "2021.05.31"]
[SourceVersion "1"]
[SourceVersionDate "2021.05.31"]
[SourceQuality "1"]

1. Nf3 d5 2. g3 Nf6 3. Bg2 e6 4. 0-0 Be7 5. d3 0-0 6. Nbd2 d4 7. e4 dxe3 8. fxe3 c5 9. Qe2 Nc6 10. c3 e5 11. e4 h6 12. a4 Be6 13. Nc4 Qc7 14. Nh4 a6 15. Ne3 Rad8 16. Nhf5 Na5 17. Ng4 Nxg4 18. Qxg4 Bxf5 19. exf5 Qd6 20. f6 Bxf6 21. Bxh6 c4 22. dxc4 Rc8 23. Bd5 Rxc4 24. Bxc4 Qc5+ 25. Kg2 Qc6+ 26. Kh3 Nxc4 27. Rf3 e4 28. Rf5 Qe6 29. Raf1 Be5 30. Qxe4 Qxh6+ 31. Kg2 Ne3+ 32. Kg1 Nxf1 33. Qxe5 Nd2 0-1

[Event "Titled Tuesday intern op 09th Mar"]
[Site "Chess.com INT"]
[Date "2021.03.09"]
[Round "5"]
[White "Ponikarovsky, Alexey"]
[Black "Spyropoulos, Nikolaos"]
[Result "1-0"]
[WhiteElo "1929"]
[BlackElo "2425"]
[PlyCount "91"]
[EventDate "2021.03.09"]
[EventType "swiss (blitz)"]
[EventRounds "11"]
[EventCountry "USA"]
[SourceTitle "CBM 201 Extra"]
[Source "ChessBase"]
[SourceDate "2021.05.31"]
[SourceVersion "1"]
[SourceVersionDate "2021.05.31"]
[SourceQuality "1"]

1. e4 e5 2. Nf3 Nc6 3. d4 exd4 4. Bc4 Nf6 5. Qe2 d6 6. h3 Be7 7. 0-0 0-0 8. Rd1 Ne5 9. Rxd4 Nxc4 10. Rxc4 Be6 11. Rd4 Nd7 12. Nc3 Bf6 13. Rd1 Bxc3 14. bxc3 Qe7 15. Bf4 Rfe8 16. Nd4 Nc5 17. f3 Bd7 18. Qf2 Qf6 19. Be3 Rad8 20. Rab1 b6 21. Qg3 h6 22. Rf1 Na4 23. Ne2 Be6 24. a3 Bc4 25. Rf2 Bxe2 26. Rb4 b5 27. Rxe2 c5 28. Rb3 c4 29. Bd4 Qg6 30. Qxg6 fxg6 31. Rxb5 Rb8 32. Ra5 Nc5 33. Bxc5 dxc5 34. Rxc5 Rb2 35. Rxc4 h5 36. Rc7 h4 37. Rd2 Reb8 38. Rdd7 Rxc2 39. Rxg7+ Kh8 40. Rh7+ Kg8 41. Rcg7+ Kf8 42. Rxa7 Rb1+ 43. Kh2 Kg8 44. Rag7+ Kf8 45. Rc7 g5 46. Rh8# 1-0